01700cam a22003497a 45000010005000000030006000050050017000110080041000280100017000690150019000860160018001050200032001230200032001550200025001870200022002120350024002340400042002580420014003000500024003140820014003381000025003522450085003772600038004623000065005005000020005655050006005855200640005915210027012315210027012586500028012857000037013133707FISKH20240611154055.0120514s2009 enkab j 001 0 eng  a 2011288390 aGBB0439572bnb7 a0155171492Uk a9780745960562 (UK hardback) a9780825478963 (US hardback) a9780745962177 (pbk.) a0745962173 (pbk.) a(OCoLC)ocn573415358 aUKMcUKMdBTCTAdYDXCPdBDXdDLCbeng alccopycat00aBS551.3b.G655 200900a220.9/5051 aGoodings, Christina.10aI want to know about the Bible /cChristina Goodings ; illustrated by Jan Lewis. aOxford :bLion Children's,c2009. a46 unnumbered pages : bcolor illustrations ; map ; c27 cm aIncludes index. aH aProviding an accessible introduction to the Bible with a series of information pages, feature boxes and illustrations, this paperback presents key episodes from the unfolding story of the Bible to help young readers understand what's in the Bible, how it came to be put together and why people still read it today. Topics covered include storytelling, Bible languages, types of writing, the prophets, the Gospels, the early Christians, gathering the books, and how to read the Bible. Together they offer a concise, comprehensive yet accessible introduction to the book of the Christian faith. Also available: I Want to Know About Jesus8 a410 bLexile estimate8 aH bRaz-Plus estimate 0aBible stories, English.1 aLewis, Jan,d1956-eillustrator